Socializácia globálnych médií: zameranie sa na generáciu Z

Úrovne, povaha a rozsah socializácie globálnych médií. Hlavné trendy vo vývoji mediálneho priestoru, zvyšujúca sa dostupnosť komunikácie, pôsobivý rozsah manipulácie verejného povedomia. Aktívne behaviorálne fungovanie svetového informačného prostredia, systematické chápanie hlbokých procesov so...

Descrizione completa

Salvato in:
Dettagli Bibliografici
Autore principale: Lukianenko, Dmytro
Altri autori: Chuzhykov, Andrii
Natura: Capitolo di libro
Lingua:slovacco
Soggetti:
Tags: Aggiungi Tag
Nessun Tag, puoi essere il primo ad aggiungerne!!

MARC

LEADER 00000naa a2200000 4500
001 0262417
005 20200218091047.4
041 0 |a slo 
044 |a SK 
245 1 0 |a Socializácia globálnych médií: zameranie sa na generáciu Z  |c Dmytro Lukianenko, Andrii Chuzhykov 
520 |a Úrovne, povaha a rozsah socializácie globálnych médií. Hlavné trendy vo vývoji mediálneho priestoru, zvyšujúca sa dostupnosť komunikácie, pôsobivý rozsah manipulácie verejného povedomia. Aktívne behaviorálne fungovanie svetového informačného prostredia, systematické chápanie hlbokých procesov sociologizácie a ekonomizácia tohto špecifického druhu informačného podnikania v období nasledujúcich rokov. 
610 2 0 |a trh 
610 2 0 |a médiá 
610 2 0 |a globalizácia 
610 2 0 |a generácie 
610 2 0 |a prieskum sociologický 
100 1 |a Lukianenko, Dmytro 
700 1 |a Chuzhykov, Andrii